| 000 | 00841nam a2200253 a 4500 | ||
|---|---|---|---|
| 001 | BRL_1780 | ||
| 005 | 20190320211351.0 | ||
| 008 | 300715s1942----mx-a######---#000-0#spa-# | ||
| 041 | _aspa | ||
| 044 | _amx | ||
| 050 | 4 |
_aF1221.M25 _b.G37 1942 |
|
| 100 | 1 |
_aGarcía Payon, José _d1896-1977 _923862 |
|
| 245 | 1 | 0 |
_aMatlatzincas o pirindas _cJosé García Payon. |
| 260 |
_aMéxico _bEl Nacional _c1942 |
||
| 300 |
_a131 p. _bil. _c20 cm. |
||
| 440 | 0 |
_aBiblioteca del Maestro _927683 |
|
| 500 | _aAu2024 | ||
| 500 | _aEsta obra forma el tomo iv de la serie denominada Culturas precortesianas cuya publicación patrocina el Departamento de Asuntos Indígenas. | ||
| 650 | 1 | 4 |
_aMatlatzincas _xAntigüedades _926292 |
| 650 | 1 | 4 |
_aMatlatzincas _xCultura _927862 |
| 650 | 1 | 4 |
_aMatlatzincas _xHistoria _927863 |
| 902 | _aGRL | ||
| 942 |
_2lcc _cB |
||
| 999 |
_c10588 _d10588 |
||